[Event "12sen.WM-H Naumburg"]
[Site "Naumburg/Saale(20.10.-03.11.)"]
[Date "2002.11.02"]
[Round "11"]
[White "Gaspariants, Garry"]
[Black "Hamm, Georg"]
[Result "1-0"]
[WhiteElo "2240"]
[BlackElo "2078"]
[PlyCount "60"]
[EventDate "2002.11.??"]

1. e4 c6 2. d4 g6 3. Nf3 Bg7 4. Nc3 d6 5. Be2 Nd7 6. O-O Ngf6 7. e5 Nd5 8. Nxd5
cxd5 9. exd6 exd6 10. c3 O-O 11. Bg5 Nf6 12. Qb3 Qe7 13. Rfe1 Be6 14. Nd2 Qc7
15. Bf3 Qa5 16. Bxf6 Bxf6 17. Nf1 Bg5 18. Ne3 Bxe3 19. Rxe3 Rfc8 20. Rae1 Rab8
21. h4 Kg7 22. a3 a6 23. h5 Rf8 24. g3 Rbc8 25. Qxb7 Rb8 26. Qe7 Rfe8 27. Qh4
Rxb2 28. h6+ Kf8 29. Qf6 Qd8 30. Qh8+ Ke7 1-0

[Event "12sen.WM-H Naumburg"]
[Site "Naumburg/Saale(20.10.-03.11.)"]
[Date "2002.11.02"]
[Round "11"]
[White "Glaser, Heinz_Alfred"]
[Black "Reichert, Rudolf"]
[Result "1-0"]
[WhiteElo "1680"]
[BlackElo "1581"]
[PlyCount "63"]
[EventDate "2002.11.??"]

1. e4 e6 2. d4 d5 3. e5 Nd7 4. Bd3 c5 5. c3 Nb6 6. Ne2 Bd7 7. O-O Be7 8. f4 f5
9. exf6 Nxf6 10. Ng3 g6 11. Nd2 c4 12. Bc2 Bd6 13. Nf3 Qe7 14. Re1 O-O-O 15. f5
Bxg3 16. hxg3 gxf5 17. Bxf5 Ne4 18. Bxe4 dxe4 19. Rxe4 Bc6 20. Bg5 Qg7 21. Re5
Rd5 22. Bf4 Re8 23. Qe2 Rxe5 24. Nxe5 Bd5 25. Re1 Rf8 26. Ng4 h5 27. Ne3 Bc6
28. Nxc4 Nd5 29. Qxe6+ Kd8 30. Qd6+ Kc8 31. Qb8+ Kd7 32. Ne5+ 1-0

[Event "12sen.WM-H Naumburg"]
[Site "Naumburg/Saale(20.10.-03.11.)"]
[Date "2002.11.02"]
[Round "11"]
[White "Gruzmann, Boris"]
[Black "Khanukov, Boris"]
[Result "1/2-1/2"]
[WhiteElo "2265"]
[BlackElo "2370"]
[PlyCount "136"]
[EventDate "2002.11.??"]

1. e4 e5 2. Nf3 Nc6 3. Bb5 a6 4. Ba4 Nf6 5. O-O Be7 6. Re1 b5 7. Bb3 d6 8. c3
O-O 9. h3 Nb8 10. d4 Nbd7 11. Nbd2 Bb7 12. a4 exd4 13. cxd4 c5 14. d5 Re8 15.
Nf1 Bf8 16. Ng3 g6 17. Bf4 Qb6 18. Qd2 Bg7 19. Bh6 Bh8 20. Bc2 c4 21. axb5 axb5
22. Rxa8 Rxa8 23. Nf5 Re8 24. Qf4 Ne5 25. Nxe5 dxe5 26. Qd2 Nd7 27. Be3 Qa6 28.
Nh6+ Kg7 29. Qb4 f5 30. exf5 Bxd5 31. fxg6 hxg6 32. Rd1 Qc6 33. Qd2 Be6 34. Ra1
Kh7 35. f3 Nf6 36. Ra7+ Bg7 37. Qf2 e4 38. Qh4 Bd7 39. Nf5+ Kg8 40. Nxg7 Kxg7
41. Qh6+ Kf7 42. Bxe4 Rxe4 43. fxe4 Qxe4 44. Qf4 Qxf4 45. Bxf4 Ke6 46. g4 Bc6
47. Ra6 Kd5 48. Kf2 Ne4+ 49. Ke3 Nc5 50. Ra7 Na4 51. Rg7 Nxb2 52. Rxg6 c3 53.
g5 Be8 54. Ra6 Kc5 55. Ke4 Nc4 56. Re6 Bf7 57. Rf6 Bd5+ 58. Kd3 b4 59. Kc2 Be4+
60. Kb3 Na5+ 61. Ka4 Nc4 62. Kb3 Na5+ 63. Ka4 b3 64. Kxa5 b2 65. Rb6 Kc4 66.
Ka4 Bc2+ 67. Ka3 b1=Q 68. Rxb1 Bxb1 1/2-1/2

[Event "12sen.WM-H Naumburg"]
[Site "Naumburg/Saale(20.10.-03.11.)"]
[Date "2002.11.02"]
[Round "11"]
[White "Gurgenidze, Bukhuti"]
[Black "Ljubarskij, Jurij"]
[Result "1-0"]
[WhiteElo "2198"]
[BlackElo "2317"]
[PlyCount "69"]
[EventDate "2002.11.??"]

1. e4 e5 2. Nf3 Nc6 3. Bb5 a6 4. Ba4 Nf6 5. Qe2 d6 6. d4 b5 7. dxe5 dxe5 8. Bb3
Bg4 9. c3 Bd6 10. Nbd2 O-O 11. h3 Bd7 12. Nf1 b4 13. g4 Na5 14. c4 Nxb3 15.
axb3 Bc6 16. Ng3 Qc8 17. Nh4 Qb7 18. f3 Nd7 19. Nhf5 Nc5 20. Nxd6 cxd6 21. Qc2
a5 22. Be3 a4 23. bxa4 Bxa4 24. Qe2 Bb3 25. O-O g6 26. Bxc5 dxc5 27. Qd3 Ba2
28. b3 Ra3 29. Rf2 Bxb3 30. Rb1 Bxc4 31. Qxa3 bxa3 32. Rxb7 Ra8 33. Rb1 a2 34.
Ra1 Bb3 35. Ne2 1-0

[Event "12sen.WM-H Naumburg"]
[Site "Naumburg/Saale(20.10.-03.11.)"]
[Date "2002.11.02"]
[Round "11"]
[White "Hansen, Hans"]
[Black "Rettler, Heinz"]
[Result "1-0"]
[WhiteElo "1871"]
[BlackElo "2167"]
[PlyCount "73"]
[EventDate "2002.11.??"]

1. e4 e6 2. d4 d5 3. e5 c5 4. c3 Nc6 5. Nf3 Qb6 6. a3 c4 7. Be2 Bd7 8. Nbd2 Na5
9. O-O Ne7 10. Re1 Rc8 11. Rb1 Ng6 12. Qc2 Be7 13. Nf1 O-O 14. Bg5 f6 15. exf6
Bxf6 16. Ng3 Qd6 17. Bxf6 gxf6 18. Nh5 Nf4 19. Nxf4 Qxf4 20. Bd1 Kh8 21. Qe2
Rg8 22. g3 Rg7 23. Kh1 Qd6 24. Bc2 Rcg8 25. Qe3 Nc6 26. Qh6 b5 27. Re3 Qf8 28.
Rbe1 Qf7 29. Nh4 Re8 30. Rf3 f5 31. Rfe3 Rgg8 32. Ng2 Qg7 33. Qf4 Rc8 34. Bd1
Rge8 35. Bh5 Rg8 36. Qd6 Rgf8 37. Nf4 1-0

[Event "12sen.WM-H Naumburg"]
[Site "Naumburg/Saale(20.10.-03.11.)"]
[Date "2002.11.02"]
[Round "11"]
[White "Haupt, Joachim"]
[Black "Luecke, Volkmar"]
[Result "1/2-1/2"]
[WhiteElo "1745"]
[BlackElo "1890"]
[PlyCount "70"]
[EventDate "2002.11.??"]

1. c4 Nf6 2. Nf3 g6 3. Nc3 Bg7 4. g3 O-O 5. Bg2 Re8 6. O-O e5 7. d4 exd4 8.
Nxd4 d6 9. Bg5 h6 10. Bf4 Nbd7 11. Qd2 Kh7 12. Qc2 Nh5 13. Be3 Ne5 14. Qb3 Ng4
15. Nc2 Nxe3 16. Nxe3 Rb8 17. Qc2 f5 18. Bf3 Nf6 19. Ned5 Be6 20. Rad1 Nxd5 21.
Bxd5 Bxc3 22. bxc3 Qf6 23. Qd3 Qf7 24. e4 Bxd5 25. exd5 b6 26. Rfe1 Rxe1+ 27.
Rxe1 Re8 28. Re3 Kg7 29. Qd4+ Kg8 30. Rxe8+ Qxe8 31. Qf6 Qf7 32. Qd8+ Kg7 33.
h4 h5 34. Qa8 a5 35. Qd8 Kh7 1/2-1/2

[Event "12sen.WM-H Naumburg"]
[Site "Naumburg/Saale(20.10.-03.11.)"]
[Date "2002.11.02"]
[Round "11"]
[White "Hohler, Peter"]
[Black "Littlewood, John_E"]
[Result "1-0"]
[WhiteElo "2210"]
[BlackElo "2292"]
[PlyCount "77"]
[EventDate "2002.11.??"]

1. c4 e5 2. Nc3 d6 3. d4 exd4 4. Qxd4 Nc6 5. Qd2 Ne5 6. b3 c6 7. Bb2 Nf6 8. g3
Be7 9. Bg2 a5 10. Nh3 O-O 11. O-O a4 12. Rad1 axb3 13. axb3 Ned7 14. Qc2 Nc5
15. Rb1 Re8 16. Rfe1 Bf8 17. e4 Ng4 18. Nf4 Ne5 19. b4 g5 20. bxc5 gxf4 21.
gxf4 Nxc4 22. Ba1 dxc5 23. Rbd1 Rxa1 24. Rxa1 Bg7 25. e5 Qh4 26. Qe4 Nd2 27.
Qe3 Nb3 28. Ra8 Nd4 29. Qg3 Qe7 30. Ne4 Nf5 31. Qc3 b6 32. Bh3 Be6 33. Nf6+
Bxf6 34. exf6 Qd7 35. Rxe8+ Qxe8 36. Bxf5 Qd7 37. Bxe6 fxe6 38. Qg3+ Kf8 39.
Ra1 1-0

[Event "12sen.WM-H Naumburg"]
[Site "Naumburg/Saale(20.10.-03.11.)"]
[Date "2002.11.02"]
[Round "11"]
[White "Ivanets, Vladimir[39Russl]"]
[Black "Badestein, Hartmut"]
[Result "1/2-1/2"]
[WhiteElo "2287"]
[BlackElo "2122"]
[PlyCount "115"]
[EventDate "2002.11.??"]

1. e4 g6 2. Nc3 Bg7 3. Bc4 d6 4. d3 Nf6 5. Bd2 c6 6. Bb3 e5 7. Qc1 Na6 8. Bh6
Bxh6 9. Qxh6 Qe7 10. h3 Nc5 11. Qe3 a5 12. d4 Ne6 13. Bxe6 Bxe6 14. Nf3 Bc4 15.
g4 h5 16. g5 Nd7 17. Nd2 Be6 18. f4 exf4 19. Qxf4 d5 20. O-O-O O-O 21. Rde1 Qb4
22. exd5 cxd5 23. a3 Qb6 24. Re3 Qc6 25. Qf1 Rac8 26. Qb5 Qxb5 27. Nxb5 Rc6 28.
h4 a4 29. Rhe1 Rfc8 30. Rc3 Rxc3 31. Nxc3 Nb6 32. Re3 Kf8 33. b3 axb3 34. cxb3
Rc7 35. Kb2 Nc8 36. Nb5 Rc6 37. Nf3 Ke7 38. Rc3 Rxc3 39. Kxc3 f6 40. a4 Bg4 41.
gxf6+ Kxf6 42. Ng5 Bd7 43. Kb4 Kf5 44. Nf7 Bxb5 45. Kxb5 Kg4 46. Ne5+ Kxh4 47.
Nxg6+ Kg5 48. Ne5 Kf5 49. a5 h4 50. Kc5 h3 51. Nf3 Kf4 52. Nh2 Kg3 53. Nf1+ Kf2
54. Nh2 Kg2 55. Ng4 Kg3 56. Ne3 Kf3 57. Nf1 Kg2 58. Ne3+ 1/2-1/2

[Event "12sen.WM-H Naumburg"]
[Site "Naumburg/Saale(20.10.-03.11.)"]
[Date "2002.11.02"]
[Round "11"]
[White "Jaki, Ingo"]
[Black "Eidelmann, Vova"]
[Result "1-0"]
[WhiteElo "2073"]
[BlackElo "1845"]
[PlyCount "147"]
[EventDate "2002.11.??"]

1. c4 g6 2. Nc3 Bg7 3. g3 d6 4. Bg2 c6 5. e4 e5 6. d3 Ne7 7. Nge2 Bg4 8. f3 Be6
9. O-O Nd7 10. b3 a5 11. Be3 Nc5 12. d4 Na6 13. d5 cxd5 14. cxd5 Bd7 15. Qd2
O-O 16. Rac1 Rc8 17. Nb1 b6 18. Rxc8 Nxc8 19. Rc1 Nc5 20. Nec3 f5 21. Na3 Qf6
22. Bg5 Qf7 23. Nc4 f4 24. gxf4 h6 25. Bh4 exf4 26. Bf2 g5 27. e5 Bxe5 28. Nxe5
dxe5 29. Bxc5 bxc5 30. Ne4 a4 31. Rxc5 axb3 32. axb3 Bf5 33. Nf2 Rd8 34. Bf1
Nd6 35. Rc6 h5 36. h3 Kf8 37. Qa5 Qe7 38. Rc7 Rd7 39. Qa8+ Kg7 40. Rxd7 Qxd7
41. Qc6 Kf8 42. b4 g4 43. Qxd7 Bxd7 44. hxg4 hxg4 45. fxg4 Kg7 46. Kg2 Kf6 47.
Bd3 Kg5 48. Kf3 Kh4 49. Ba6 Ba4 50. Bd3 Bb3 51. Be4 Ba4 52. Bf5 Bb3 53. Be6 Bc2
54. Bd7 Kg5 55. Nh3+ Kh4 56. Nxf4 exf4 57. Kxf4 Nc4 58. Bc6 Bd1 59. g5 Bc2 60.
b5 Bg6 61. Bd7 Nb6 62. Be6 Nc4 63. Bf5 Kh5 64. Bg4+ Kh4 65. Be2 Nb6 66. d6 Nd5+
67. Ke5 Nb6 68. Kf6 Be8 69. g6 Nd5+ 70. Ke5 Nb6 71. g7 Bf7 72. Kf6 Bg8 73. Ke7
Kg5 74. d7 1-0

[Event "12sen.WM-H Naumburg"]
[Site "Naumburg/Saale(20.10.-03.11.)"]
[Date "2002.11.02"]
[Round "11"]
[White "Jugow, Alexander"]
[Black "Werchan, Hans_Dr"]
[Result "1-0"]
[WhiteElo "2242"]
[BlackElo "2121"]
[PlyCount "67"]
[EventDate "2002.11.??"]

1. d4 Nf6 2. c4 g6 3. Nc3 Bg7 4. e4 d6 5. h3 c6 6. Bd3 Nbd7 7. Nf3 e5 8. d5 a5
9. O-O O-O 10. Bg5 h6 11. Be3 Kh7 12. Bc2 c5 13. Qd2 Qe7 14. a3 b6 15. Rab1 Ba6
16. Bd3 Rfb8 17. b3 Ng8 18. Rb2 Bf6 19. Rfb1 Qd8 20. g4 Be7 21. Kg2 Bf8 22. Ng1
Bg7 23. Nge2 Bf6 24. Ng3 Bg5 25. Rh1 Kg7 26. a4 Bxe3 27. Qxe3 Qg5 28. Qe2 Ngf6
29. f3 Nh7 30. h4 Qf6 31. Nd1 Rh8 32. Ne3 Rag8 33. Nef5+ gxf5 34. Nh5+ 1-0

[Event "12sen.WM-H Naumburg"]
[Site "Naumburg/Saale(20.10.-03.11.)"]
[Date "2002.11.02"]
[Round "11"]
[White "Kahn, Manfred"]
[Black "Har_Zahav, Avraham"]
[Result "1/2-1/2"]
[WhiteElo "2177"]
[BlackElo "2072"]
[PlyCount "50"]
[EventDate "2002.11.??"]

1. d4 d5 2. c4 dxc4 3. Nf3 a6 4. e3 e6 5. Bxc4 c5 6. a4 Nc6 7. O-O Nf6 8. Nc3
b6 9. d5 Na5 10. Ba2 exd5 11. Nxd5 Nxd5 12. Bxd5 Bb7 13. e4 Bd6 14. Bg5 Qc7 15.
Bxb7 Nxb7 16. e5 Be7 17. Bxe7 Qxe7 18. Qb3 Qe6 19. Qe3 h6 20. Rad1 O-O 21. Rd2
Qg4 22. b3 Nd8 23. a5 Ne6 24. axb6 Rfb8 25. Rd6 Qb4 1/2-1/2

[Event "12sen.WM-H Naumburg"]
[Site "Naumburg/Saale(20.10.-03.11.)"]
[Date "2002.11.02"]
[Round "11"]
[White "Kahn, Peter"]
[Black "Reznikov, Emmanouil"]
[Result "1/2-1/2"]
[WhiteElo "1939"]
[BlackElo "2098"]
[PlyCount "51"]
[EventDate "2002.11.??"]

1. d4 Nf6 2. Nf3 g6 3. Bg5 Bg7 4. Nbd2 d5 5. e3 Bf5 6. Bd3 Bxd3 7. cxd3 c6 8.
O-O O-O 9. h3 Nbd7 10. Qc2 Re8 11. Bf4 Rc8 12. b4 Nh5 13. Bh2 b6 14. Rab1 f5
15. Ne5 Nxe5 16. dxe5 Bh6 17. Qb3 Qd7 18. f4 Ng7 19. Nf3 c5 20. Rfc1 Ne6 21. a4
Kh8 22. d4 c4 23. Qa3 g5 24. g3 Rg8 25. Kf2 Rcf8 26. h4 1/2-1/2

[Event "12sen.WM-H Naumburg"]
[Site "Naumburg/Saale(20.10.-03.11.)"]
[Date "2002.11.02"]
[Round "11"]
[White "Katalymov, Boris"]
[Black "Taimanow, Mark"]
[Result "1-0"]
[WhiteElo "2378"]
[BlackElo "2406"]
[PlyCount "133"]
[EventDate "2002.11.??"]

1. d4 Nf6 2. c4 e6 3. Nf3 Bb4+ 4. Bd2 a5 5. Nc3 O-O 6. b3 Qe7 7. a3 Bxc3 8.
Bxc3 b6 9. g3 Bb7 10. Bg2 d6 11. O-O Nbd7 12. Qc2 Be4 13. Qb2 d5 14. Rfc1 Rfc8
15. cxd5 Nxd5 16. Bd2 c5 17. dxc5 bxc5 18. Rc4 Qf6 19. Ra2 Qxb2 20. Rxb2 Bxf3
21. Bxf3 Ne5 22. Bxd5 exd5 23. Ra4 Rab8 24. Bxa5 Nc4 25. Rb1 h6 26. Be1 Re8 27.
Kf1 Re6 28. Ra7 Reb6 29. b4 R6b7 30. Rxb7 Rxb7 31. Ra1 cxb4 32. axb4 Kf8 33.
Bc3 f6 34. Bd4 Ke7 35. Ra7 Rxa7 36. Bxa7 Kd7 37. Bc5 h5 38. e3 g6 39. Ke2 Na3
40. Kd3 Nb5 41. f3 f5 42. h3 Ke6 43. g4 hxg4 44. hxg4 fxg4 45. fxg4 Kf6 46. Ke2
Ke6 47. Kf3 Ke5 48. Bb6 Ke6 49. Kf4 Kf6 50. e4 dxe4 51. Kxe4 Ke6 52. Bc5 Nc3+
53. Kf4 Nb5 54. Be3 Nc3 55. Bd2 Nb5 56. Be1 Kf6 57. Bg3 Ke6 58. Ke4 Nc3+ 59.
Kd3 Nd5 60. b5 Kd7 61. Be5 Ke6 62. Kd4 Ne7 63. Bg3 Nd5 64. Bh2 Nb6 65. Bc7 Nc8
66. b6 Kd7 67. Ke5 1-0

[Event "12sen.WM-H Naumburg"]
[Site "Naumburg/Saale(20.10.-03.11.)"]
[Date "2002.11.02"]
[Round "11"]
[White "Kelchner, Hans"]
[Black "Krueger, Sigurd"]
[Result "1/2-1/2"]
[WhiteElo "2149"]
[BlackElo "1872"]
[PlyCount "48"]
[EventDate "2002.11.??"]

1. c4 Nf6 2. Nc3 g6 3. e4 d6 4. d3 Bg7 5. g3 e5 6. Bg2 c6 7. Nge2 O-O 8. O-O
Be6 9. h3 Na6 10. Rb1 Qd7 11. Kh2 Nc7 12. f4 Nh5 13. g4 Nxf4 14. Nxf4 exf4 15.
Bxf4 Be5 16. Qf3 f6 17. Ne2 b5 18. b3 c5 19. Rbd1 bxc4 20. dxc4 Qe7 21. Nc3 a6
22. Na4 Rab8 23. Bxe5 fxe5 24. Qd3 Rxf1 1/2-1/2

[Event "12sen.WM-H Naumburg"]
[Site "Naumburg/Saale(20.10.-03.11.)"]
[Date "2002.11.02"]
[Round "11"]
[White "Klebaner, Yakov"]
[Black "Koerver, Erich"]
[Result "1/2-1/2"]
[WhiteElo "2041"]
[BlackElo "1723"]
[PlyCount "25"]
[EventDate "2002.11.??"]

1. e4 e5 2. Nf3 Nc6 3. Bb5 Nge7 4. c3 a6 5. Ba4 Ng6 6. O-O Be7 7. d4 exd4 8.
cxd4 O-O 9. Nc3 d6 10. Bc2 Bg4 11. Be3 Nh4 12. Bd3 Bxf3 13. gxf3 1/2-1/2

[Event "12sen.WM-H Naumburg"]
[Site "Naumburg/Saale(20.10.-03.11.)"]
[Date "2002.11.02"]
[Round "11"]
[White "Knobling, Rolf"]
[Black "Dietze, Otto"]
[Result "0-1"]
[WhiteElo "1474"]
[BlackElo "2126"]
[PlyCount "64"]
[EventDate "2002.11.??"]

1. e4 e5 2. Bc4 Nc6 3. a3 Be7 4. Nc3 Nf6 5. d3 O-O 6. h3 Re8 7. Be3 d6 8. Nge2
Be6 9. O-O Bxc4 10. dxc4 Na5 11. b3 c5 12. Bg5 Nc6 13. Bxf6 Bxf6 14. Qd3 Nd4
15. f4 Nxe2+ 16. Nxe2 exf4 17. Rxf4 Bxa1 18. Qd5 Qe7 19. Ng3 Be5 20. Rg4 Bxg3
21. Rxg3 Qxe4 22. Qg5 Qe1+ 23. Kh2 g6 24. h4 Re5 25. Qf6 Rae8 26. Rg4 R5e6 27.
Qg5 Qe5+ 28. Kh3 Qxg5 29. Rxg5 Re2 30. h5 Kg7 31. Rd5 R8e3+ 32. g3 Re6 0-1

[Event "12sen.WM-H Naumburg"]
[Site "Naumburg/Saale(20.10.-03.11.)"]
[Date "2002.11.02"]
[Round "11"]
[White "Kovacs, Les"]
[Black "Kudoke, Willy"]
[Result "0-1"]
[WhiteElo "1600"]
[BlackElo "2024"]
[PlyCount "112"]
[EventDate "2002.11.??"]

1. Nf3 c5 2. c4 g6 3. g3 Bg7 4. Bg2 Nf6 5. Nc3 O-O 6. O-O Nc6 7. d3 h6 8. Rb1
d6 9. Bd2 Bd7 10. Qc1 Kh7 11. a3 Rb8 12. Nd5 e5 13. Nxf6+ Qxf6 14. e3 Bg4 15.
Ne1 Be2 16. Bc3 Qe7 17. Qd2 Bxf1 18. Kxf1 Nd8 19. b4 b6 20. Qb2 Ne6 21. Kg1 Nc7
22. bxc5 dxc5 23. f4 f6 24. fxe5 fxe5 25. Nf3 Rbe8 26. Re1 Qd6 27. Rd1 Re7 28.
Rd2 Qe6 29. Nh4 Qd6 30. Be4 Re6 31. Ng2 Qe7 32. Nh4 Ne8 33. Kg2 Qg5 34. Re2 Nd6
35. Nf3 Qf6 36. Bd5 Re7 37. Rf2 g5 38. Nxe5 Qxf2+ 39. Qxf2 Rxf2+ 40. Kxf2 Bxe5
41. Bd2 a5 42. Kf3 Kg7 43. Kg4 Ne8 44. Kh3 Nf6 45. Bf3 Rd7 46. Be2 Bb2 47. a4
Kg6 48. Be1 h5 49. Bf2 g4+ 50. Kg2 Re7 51. Kf1 Bc1 52. e4 Bb2 53. Be3 Be5 54.
Kg2 Nd7 55. Kf1 Rf7+ 56. Ke1 Nb8 0-1

[Event "12sen.WM-H Naumburg"]
[Site "Naumburg/Saale(20.10.-03.11.)"]
[Date "2002.11.02"]
[Round "11"]
[White "Kripp, Wolfgang"]
[Black "Rudnik, Heinz"]
[Result "1-0"]
[WhiteElo "2172"]
[BlackElo "2068"]
[PlyCount "135"]
[EventDate "2002.11.??"]

1. e4 c5 2. c3 g6 3. d4 cxd4 4. cxd4 Bg7 5. Nf3 d6 6. Nc3 Nf6 7. Bg5 O-O 8. Qd2
Qa5 9. h3 Be6 10. Be2 a6 11. O-O Re8 12. Bd3 Bd7 13. a3 Kh8 14. b4 Qd8 15. Rad1
Ng8 16. Bc4 f6 17. Be3 e6 18. Bb3 Qe7 19. Rfe1 Qf8 20. Bf4 Nc6 21. Na4 e5 22.
Bg3 Bh6 23. Qb2 Rad8 24. Nb6 Bc8 25. a4 Bg7 26. b5 axb5 27. axb5 Nce7 28. dxe5
dxe5 29. Qa2 h6 30. Rc1 Rd6 31. Nc4 Rd3 32. Bc2 Rdd8 33. Nb6 h5 34. h4 Bg4 35.
Bb3 Bxf3 36. gxf3 f5 37. exf5 Nxf5 38. Kg2 Rd3 39. Bc4 Rd6 40. Nd5 Bh6 41. Rc2
Nd4 42. Rc3 Bg7 43. Rd3 Rd7 44. b6 Ra8 45. Qb2 Nxf3 46. Re4 Ne1+ 47. Rxe1 e4
48. Rc3 Rad8 49. Qb3 Qc5 50. Ne3 Qf8 51. Be2 Rd2 52. Rc2 Rxe2 53. Rexe2 Qf3+
54. Kh2 Nh6 55. Ra2 Ng4+ 56. Nxg4 Qxb3 57. Ne5 Kh7 58. Rac2 Rd1 59. Rcd2 Ra1
60. f4 Qxb6 61. Rg2 Qb1 62. Kh3 e3 63. Rd7 Qh1+ 64. Bh2 Ra6 65. f5 Qf1 66.
fxg6+ Kg8 67. Rd8+ Bf8 68. Bg3 1-0

[Event "12sen.WM-H Naumburg"]
[Site "Naumburg/Saale(20.10.-03.11.)"]
[Date "2002.11.02"]
[Round "11"]
[White "Krischer, Ulrich"]
[Black "Bergmann, Hans_Dieter"]
[Result "1-0"]
[WhiteElo "1730"]
[BlackElo "1496"]
[PlyCount "79"]
[EventDate "2002.11.??"]

1. d4 Nf6 2. c4 d6 3. Nc3 g6 4. e4 Bg7 5. Nf3 Nc6 6. h3 O-O 7. Be3 e5 8. d5 Ne7
9. Bd3 c6 10. O-O Nh5 11. Ne2 f5 12. Bg5 fxe4 13. Bxe4 Nf6 14. Nc3 Nxe4 15.
Nxe4 Bf5 16. Qe2 Qd7 17. Rad1 Rf7 18. dxc6 Nxc6 19. Rxd6 Qc8 20. Rfd1 h6 21.
Bh4 g5 22. Bg3 g4 23. Nxe5 Bxe5 24. Bxe5 gxh3 25. Nf6+ Kf8 26. g4 Rg7 27. f3 h5
28. Nxh5 Rg5 29. Bf4 Rg6 30. Rxg6 Bxg6 31. Bd6+ Kg8 32. Nf4 Bf7 33. Nxh3 Na5
34. b3 Qc6 35. Qe3 Qb6 36. c5 Qd8 37. Ng5 Bg6 38. Qe6+ Kg7 39. Be5+ Kh6 40.
Nf7+ 1-0

[Event "12sen.WM-H Naumburg"]
[Site "Naumburg/Saale(20.10.-03.11.)"]
[Date "2002.11.02"]
[Round "11"]
[White "Kristiansen, Erling"]
[Black "Limberg, Siegfried"]
[Result "1-0"]
[WhiteElo "2257"]
[BlackElo "2128"]
[PlyCount "107"]
[EventDate "2002.11.??"]

1. e4 e6 2. d4 d5 3. Nc3 Bb4 4. e5 Ne7 5. Nf3 c5 6. Bd2 cxd4 7. Nb5 Bxd2+ 8.
Qxd2 O-O 9. Nbxd4 Nbc6 10. O-O-O Qa5 11. Qxa5 Nxa5 12. Bd3 Bd7 13. Rhe1 Rfe8
14. Kb1 a6 15. g4 h6 16. h4 g6 17. c3 Kg7 18. Nc2 Ba4 19. Nfd4 Bxc2+ 20. Nxc2
Nc4 21. f4 Nb6 22. Nd4 Nc6 23. f5 Nxd4 24. cxd4 Rf8 25. b3 Rac8 26. Kb2 Nd7 27.
Rf1 Nb8 28. Rf4 Nc6 29. Bb1 Rce8 30. Rdf1 Nd8 31. fxg6 fxg6 32. Rf6 Rxf6 33.
Rxf6 g5 34. Rg6+ Kf7 35. Rxh6 gxh4 36. g5 Kg8 37. Rxh4 Rf8 38. g6 Rf3 39. Rh7
Nc6 40. Rxb7 Nxd4 41. Rb6 Re3 42. Rxa6 Rxe5 43. Ra8+ Kg7 44. Ra7+ Kg8 45. Re7
Re3 46. Rh7 Ne2 47. a4 d4 48. Rd7 e5 49. Bf5 Nf4 50. a5 d3 51. a6 Re2+ 52. Kc3
Ra2 53. a7 Ra6 54. Rd8+ 1-0

[Event "12sen.WM-H Naumburg"]
[Site "Naumburg/Saale(20.10.-03.11.)"]
[Date "2002.11.02"]
[Round "11"]
[White "Krueger, Erich"]
[Black "Zakhvatov, Vladimir"]
[Result "1-0"]
[WhiteElo "2223"]
[BlackElo "2314"]
[PlyCount "105"]
[EventDate "2002.11.??"]

1. d4 Nf6 2. c4 e6 3. Nc3 Bb4 4. e3 O-O 5. Nf3 d5 6. Bd3 c5 7. O-O Nbd7 8. cxd5
exd5 9. a3 Bxc3 10. bxc3 c4 11. Bc2 Re8 12. Nd2 Nb6 13. f3 Rxe3 14. Ne4 Rxe4
15. fxe4 Nxe4 16. a4 Be6 17. a5 Nc8 18. Bxe4 dxe4 19. Qe2 Bd5 20. Qg4 Ne7 21.
Bh6 Ng6 22. Bg5 Qc8 23. Qf5 Qc6 24. h4 f6 25. h5 Ne7 26. Qf4 fxg5 27. Qxg5 Re8
28. Rf4 Qh6 29. Qe5 Qe6 30. Qxe6+ Bxe6 31. Rxe4 Nd5 32. Rae1 Kf7 33. Rf1+ Nf6
34. Re5 h6 35. Rb5 Re7 36. d5 Bc8 37. Rc5 b6 38. Rxc8 b5 39. Rc5 a6 40. Rc6 Ra7
41. d6 Ke8 42. Re1+ Kd8 43. Re5 Kd7 44. Rb6 Ng8 45. Kf2 Ra8 46. Ke3 Nf6 47.
Re7+ Kd8 48. Kd4 Nxh5 49. Rbb7 Nf4 50. g3 Nh5 51. Ke5 Nf6 52. Rxg7 Ne8 53. Rg8
1-0

[Event "12sen.WM-H Naumburg"]
[Site "Naumburg/Saale(20.10.-03.11.)"]
[Date "2002.11.02"]
[Round "11"]
[White "Kuhn, Arno[29Ludw]"]
[Black "Karol, Wolfgang"]
[Result "1/2-1/2"]
[WhiteElo "1532"]
[BlackElo "1630"]
[PlyCount "25"]
[EventDate "2002.11.??"]

1. d4 Nf6 2. Nf3 e6 3. Bg5 Be7 4. g3 d6 5. Bg2 Nbd7 6. O-O O-O 7. c4 h6 8. Bc1
Nb6 9. b3 Re8 10. Bb2 d5 11. cxd5 exd5 12. Qd3 Ne4 13. Ne5 1/2-1/2

[Event "12sen.WM-H Naumburg"]
[Site "Naumburg/Saale(20.10.-03.11.)"]
[Date "2002.11.02"]
[Round "11"]
[White "Langer, Wolfgang[39Leipz]"]
[Black "Keze, Arnis"]
[Result "1-0"]
[WhiteElo "1813"]
[BlackElo "2046"]
[PlyCount "85"]
[EventDate "2002.11.??"]

1. d4 d5 2. Nf3 Nf6 3. c4 e6 4. Bg5 Be7 5. e3 O-O 6. Nc3 c6 7. Qc2 Qa5 8. cxd5
exd5 9. Bd3 Nbd7 10. O-O Re8 11. Rab1 Nf8 12. Rfc1 Bg4 13. Ne5 Bh5 14. Na4 Ng4
15. Bf4 Ng6 16. Nxg6 Bxg6 17. Bxg6 hxg6 18. a3 Rac8 19. b4 Qd8 20. Nc5 b6 21.
Nd3 Bg5 22. Qe2 f5 23. h3 Nh6 24. Ne5 Re6 25. Rc3 Nf7 26. Rbc1 Nxe5 27. Bxe5 f4
28. exf4 Bxf4 29. Qg4 Rxe5 30. dxe5 Bxc1 31. Qe6+ Kh7 32. Rxc1 c5 33. Rc3 d4
34. Rg3 Qe8 35. Qd5 Rd8 36. Qe4 Qe6 37. Qh4+ Kg8 38. Qxd8+ Kh7 39. Rg4 g5 40.
Qxg5 g6 41. Rh4+ Kg8 42. Qd8+ Kg7 43. Qh8+ 1-0

[Event "12sen.WM-H Naumburg"]
[Site "Naumburg/Saale(20.10.-03.11.)"]
[Date "2002.11.02"]
[Round "11"]
[White "Lardot, Derik"]
[Black "Zurel, Maxim"]
[Result "1-0"]
[WhiteElo "1916"]
[BlackElo "1777"]
[PlyCount "120"]
[EventDate "2002.11.??"]

1. e4 e5 2. d4 exd4 3. Qxd4 Nc6 4. Qa4 Qe7 5. Nc3 Qb4 6. Bb5 Nd4 7. Bd2 Qxa4 8.
Bxa4 c6 9. Nge2 Nxe2 10. Nxe2 Nf6 11. f3 b5 12. Bb3 a5 13. c3 a4 14. Bc2 Bc5
15. Bg5 d6 16. O-O-O Bb7 17. Nd4 h6 18. Bh4 g5 19. Bg3 Nh5 20. Nf5 Nxg3 21.
hxg3 O-O-O 22. Nxh6 Rdf8 23. Nf5 Kc7 24. Nd4 Bc8 25. b4 axb3 26. axb3 b4 27.
Kd2 bxc3+ 28. Kxc3 Bd7 29. Ra1 Rb8 30. Kd3 Bb6 31. g4 c5 32. Nf5 Bb5+ 33. Kc3
Kd7 34. Rhd1 Bc7 35. Ra7 Rb6 36. e5 Ra6 37. Rxa6 Bxa6 38. Nxd6 Be2 39. Rd5 Ba5+
40. Kb2 Ke6 41. Rxc5 Ra8 42. Be4 Bb4 43. Bf5+ Ke7 44. Rc7+ Kf8 45. Rxf7+ Kg8
46. Rc7 Kf8 47. Be6 Ba3+ 48. Kc3 Ra6 49. Rf7+ Kg8 50. Rf5+ Kh7 51. Rxg5 Rc6+
52. Bc4 Bf1 53. g3 Bc1 54. f4 Be3 55. Nf5 Bxc4 56. Rh5+ Kg8 57. Ne7+ Kf7 58.
Nxc6 Be2 59. Rg5 Bf2 60. e6+ Kxe6 1-0

[Event "12sen.WM-H Naumburg"]
[Site "Naumburg/Saale(20.10.-03.11.)"]
[Date "2002.11.02"]
[Round "11"]
[White "Lieb, Harald"]
[Black "Karasev, Vladimir"]
[Result "1-0"]
[WhiteElo "2314"]
[BlackElo "2450"]
[PlyCount "111"]
[EventDate "2002.11.??"]

1. d4 b6 2. c4 Bb7 3. Nc3 e6 4. Nf3 Bb4 5. Bg5 Nf6 6. e3 h6 7. Bh4 g5 8. Bg3
Ne4 9. Qc2 Bxc3+ 10. bxc3 d6 11. Bd3 Nxg3 12. hxg3 g4 13. Nh4 Qg5 14. Be4 c6
15. Rd1 Nd7 16. Qa4 b5 17. Qa5 Nf6 18. Qc7 Nxe4 19. Qxb7 O-O 20. Qxc6 Nxc3 21.
Ra1 bxc4 22. Qxc4 Ne4 23. Qd3 Qa5+ 24. Kf1 d5 25. Qe2 h5 26. Kg1 Rfc8 27. Nf3
gxf3 28. Qxf3 Kf8 29. Rxh5 Ke7 30. Qxe4 Qd2 31. Qh4+ Kd7 32. Qf6 Rc1+ 33. Rxc1
Qxc1+ 34. Kh2 Rf8 35. e4 Qd1 36. Rh7 dxe4 37. Rxf7+ Rxf7 38. Qxf7+ Kd6 39. Qf4+
Kd5 40. Qe5+ Kc4 41. Qxe6+ Kc3 42. Qxe4 Qh5+ 43. Qh4 Qd5 44. Qh6 Qxa2 45. Qe3+
Kb4 46. Qe7+ Kc3 47. Qc5+ Kd3 48. d5 Qa1 49. g4 Qe5+ 50. g3 Qh8+ 51. Kg2 Qa8
52. Qc6 Qg8 53. d6 Qe6 54. Qc5 Qe4+ 55. Kg1 Qb7 56. Qf5+ 1-0